Processing vegetables : science and technology /

Guardado en:
Otros Autores: Smith, Durward S., (Editor , ed.)
Formato: Libro
Idioma:English
Publicado: Lancaster, PA : Technomic Pub. Co., c1997.
Materias:
Etiquetas: Agregar Etiqueta
Sin Etiquetas, Sea el primero en etiquetar este registro!
LEADER 00725nam a22002055a 4500
001 EIQ.libpla002372
008 970220s1997####pauao####b####001#0#eng#d
005 20070604184113.0
245 0 0 |a Processing vegetables :  |b science and technology /  |c [edited by] Durward S. Smith ... [et al.]. 
260 |a Lancaster, PA :  |b Technomic Pub. Co.,  |c c1997. 
300 |a x, 434 p. :  |b il., fotos ;  |c 24 cm. 
504 |a Incluye referencias bibliográfica e índice. 
020 |a 1566765072 
700 1 |a Smith, Durward S.,  |e ed.  |4 edt 
082 0 0 |a 664/.8  |2 21 
650 4 |a Vegetales  |x Procesamiento. 
650 0 |a Vegetables  |x Processing. 
010 |a  97060163  
040 |a DLC  |c DLC  |d AR-BbSID 
859 |a AR-BbSID  |b BIB. PLAPIQUI  |h 664.8  |i P 942  |p 4871